00723nam a22002057a 450000500170000001000190001702000510003602000510008703500180013803700130015608200140016910000210018324500700020425000130027426000310028727000940031830000710041250000190048370000150050220171122124443.0 aENG-121139-140 c2995.00 (Set of 2 vols)a9788131252581 (vol-1) c2995.00 (Set of 2 vols)a9788131252581 (vol-2) aEN-104571-572 bDBAD/PUB a346.54086 aSrinivasan, M.N. aPrincipales of insurance law /cby M.N. Srinivasan [and] K.Kannan a10th ed  aGurgoanbLexisNexis c2017 bGurgoan (Haryana)e122002a14th Floor, Building No. 10, Tower-B, DLF Cyber City, Phase-II a2-vols (cIxiv,1-583 [xxviii] ; cxiiii,584-1155,[xxix])p.c25cm(Hb) aIncludes index a Kannan,K.